000 01421cam a2200397 a 4500
001 data
005 20260322212112.0
008 data
035 _a18177412
906 _a7
_bcbc
_ccopycat
_d2
_encip
_f20
_gy-gencatlg
925 0 _aacquire
_b2 shelf copies
_xpolicy default
010 _a 2013478725
020 _a9781938368097
020 _a1938368096
035 _a(OCoLC)882475160
040 _aNz
_beng
_cUW1
_dDLC
_dOCLCF
_dDLC
042 _alccopycat
050 0 0 _aHD31
_b.H79 2013
082 0 4 _a658
_223
100 1 _aHui, Baldwin,
_eauthor.
245 1 4 _aThe business "MindFrame" :
_b"the general truth of business" redefining business management knowledge /
_cBaldwin Hui, Andrew Siu, Gary Ching.
264 1 _aNew York :
_bSCPG Publishing Corporation,
_c[2013].
300 _a[1 folded leaf], 306 pages :
_billustrations ;
_c24 cm.
336 _atext
_2rdacontent
337 _aunmediated
_2rdamedia
338 _avolume
_2rdacarrier
504 _aIncludes bibliographical references and index.
650 0 _aManagement.
650 0 _aIndustrial management.
650 7 _aIndustrial management.
_2fast
_0(OCoLC)fst00971246
650 7 _aManagement.
_2fast
_0(OCoLC)fst01007141
700 1 _aSiu, Andrew,
_eauthor.
700 1 _aChing, Gary,
_eauthor.
999 _c1672
_d1672